000 00774nam a2200181Ia 4500
008 100921s9999 xx 000 0 und d
082 _b40100
_a891.463 न 05
100 _aअष्टीकर मंदाकिनी.
245 _aबहरला वृक्ष शृंगारली वेल.
260 _bनिशिगंधा प्रकाशन,पुणे.
_c2005
300 _a240
_bमयुरेष बुक एजन्सी,कराड
365 _b225
520 _aललित-कादंबरी.
630 _aबहरला वृक्ष शृंगारली वेल.
650 _aललित-कादंबरी.
730 _aबहरला वृक्ष शृंगारली वेल.
942 _cBOOK
999 _c789213
_d789210